000 01213nam0a2200325 4500
001 RU\NLR\bibl\33758
005 20250615023442.0
010 _a5-89069-013-2
_910000
021 _aRU
_b99-11397
_9547
021 _aRU
_b1999-33440
_91645
035 _a(NLR Aleph) 000032911
090 _a166304
_c166304
100 _a19990618d1999 |||y0rusy50 ca
101 0 _arus
102 _aRU
105 _a|||||||||||||
200 1 _aКризис в России: конец системы? начало пути?
_fГригорий Явлинский
210 _aМ.
_cЭПИцентр
_d1999
215 _a71 с.
_d19
601 0 2 _a"Яблоко", общественное объединение
_91708940
_3RU\NLR\auth\661059132
606 0 _aЭкономические кризисы
_yРоссийская Федерация
_z1990-ые гг.
_92094798
_3RU\NLR\auth\661267555
686 _aФ79(2)274.1
686 _aУ9(2)-183(2Р)
700 1 _4070
_7ca
_8rus
_aЯвлинский
_bГ. А.
_f1952-
_gГригорий Алексеевич
_9236115
_3RU\NLR\AUTH\770236171
801 0 _aRU
_bNLR
_c19990618
_gPSBO
801 1 _aRU
_bNLR
_c19990618
852 _aNLR
_j99-4/3120
942 _cBOOK
980 _aNB